| 000 | 01342nam0a2200337 4500 | ||
|---|---|---|---|
| 001 | RU\NLR\bibl\1214577 | ||
| 005 | 20260405160916.0 | ||
| 010 |
_a978-5-9524-3203-1 _95000 |
||
| 021 |
_aRU _b2008-13718 _9746 |
||
| 035 | _a(NLR Aleph) 001200975 | ||
| 090 |
_a1774617 _c1774617 |
||
| 100 | _a20080414d2008 |||y0rusy50 ca | ||
| 101 | 1 |
_arus _ceng |
|
| 102 | _aRU | ||
| 105 | _aa ||||||||| | ||
| 200 | 1 |
_aХудеть и оставаться стройными _dLose weight and stay slim _e52 легких способа _f[Камерон Ева _gпер. с англ. А.В. Кровяковой] _zeng |
|
| 210 |
_aМосква _cЦентрполиграф _d2008 |
||
| 215 |
_a191 с. _cил. _d21 |
||
| 225 | 1 | _aLife surfing с Татьяной Огородниковой | |
| 300 | _aАвт. также на англ. яз.: Eve Cameron | ||
| 300 | _aАвт. указан в вып. дан. | ||
| 510 | 0 |
_6z45790 _aLose weight and stay slim _zeng |
|
| 606 | 1 |
_aВес тела _xРегулирование _92345830 _3RU\NLR\auth\661401856 |
|
| 686 | _aР120.4 | ||
| 700 | 1 |
_4070 _8rus _7ca _aКамерон _bЕ. _gЕва _3RU\NLR\auth\7767468 _950396 |
|
| 790 | 1 |
_4070 _8eng _7ba _aCameron _bE. _gEve _3RU\NLR\auth\7767470 _950398 |
|
| 801 | 0 |
_aRU _bNLR _c20080414 _gRCR |
|
| 801 | 1 |
_aRU _bNLR _c20080414 |
|
| 942 | _cBOOK | ||
| 980 | _aNB | ||